Регионална библиотека "Любен Каравелов" - Русе

Икономико-математически методи и модели в търговията (Запис номер 38126)

MARC детайли
000 -Лидер
Контролно поле с фиксирана дължина 01780nam a2200361 c 4500
003 - Код на организацията, давaща контролен номер
Контролно поле BLK
005 - Дата и час на последна редакция
Контролно поле 20180420221040.0
008 - Елементи от данни с фиксирана дължина
fixed length control field 180408b bul|||||r ||||||| ||bul||
010 ## - Наследен системен номер
LC control number KNG00041322000
040 ## - Източник на каталожния запис
Идентификатор на билиотеката - собственик на записа BLK
041 ## - Код за език
Код за езика на текст/звукозапис или на отделно заглавие Български
Код за езика КДБФ Български
080 ## - УДК
Текстов определител УДК Вътрешна търговия. Вж и 347.7 ; 657 ; 658
УДК код - определител по УДК 339.3
УДК определител :519.87(075.8)
УДК - код + определител 339.3:519.87(075.8)
100 1# - Редна дума - Автор
Автор Александров, Крум Стефанов
Авторска отговорност първи автор
R(LIN) 244730
139 ## - Редно поле
Редна дума Александров, Крум Стефанов и др.
Авторски знак Алекс - А 51
245 10 - Сведения за заглавието
Заглавие Икономико-математически методи и модели в търговията
Подзаглавни данни Изследване на операциите : Учебник за студентите от ВИИ К. Маркс - София
Редно поле (дума) Крум Стефанов Александров; съавт. Здравко Стефанов Младенов.
257 ## - Страна на издаване
Страна на създаване/издаване България
260 ## - Област на издателските данни
-- София
Име на издателя, разпространителя и проч. ВИИ Карл Маркс
Година на издаване 1986
300 ## - Физическа характеристика
Страници 516 с.
Илюстрации и др. с табл., сх., диагр., 2 л. табл.
Размери/Мащаб 22 см
380 ## - Жанр
Жанр Естествени науки. Математика
500 ## - Общи забележки
Забележка Офс. изд. - Библиогр. с. 508-509.
650 #4 - Допълнително описание по предмет – тема
Основно описание – тема или топоним Модели и моделиране - в търговията
9 (RLIN) 275996
650 #4 - Допълнително описание по предмет – тема
Основно описание – тема или топоним Вътрешна търговия
9 (RLIN) 275997
653 ## - Ключова дума – ненормативна
Ключова дума математически методи
653 ## - Ключова дума – ненормативна
Ключова дума икономически анализ
653 ## - Ключова дума – ненормативна
Ключова дума търговия
653 ## - Ключова дума – ненормативна
Ключова дума учебници за ВУЗ
700 1# - Други автори (авторска отговорност)
Лично име Младенов, Здравко Стефанов
Автороска отговорност (Описва отношението между автора и произведението) съавт.
9 (RLIN) 275995
852 ## - Местоположение
Форматна сигнатура Цб 146975
856 4# - Електронен адрес и достъп
Електронен формат pdf - файл
Път до файла /url/
856 4# - Електронен адрес и достъп
Електронен формат pdf - файл
Път до файла /url/
942 ## - АРТИКУЛИ
Вид на библиотечния материал Книги
Скрит в OPAC Не
944 ## - СЪЗДАВАНЕ И РЕДАКЦИЯ на ЗАПИСА
Създаване/Редакция Създаване
Дата на регистрацията/редакция 28.05.2011
Статус, дата на статуса 28.05.2011 - от С1,Р / 28.05.2011
Служител, извършил регистрацията/редакцията Ренета_Константинова
944 ## - СЪЗДАВАНЕ И РЕДАКЦИЯ на ЗАПИСА
Създаване/Редакция Редакция
Дата на регистрацията/редакция 04.11.2014
Статус, дата на статуса 28.05.2011 - от С1,Р / 28.05.2011
Служител, извършил регистрацията/редакцията
999 ## - СИСТЕМНИ КОНТРОЛНИ НОМЕРА
Koha biblionumber 38126
Koha biblioitemnumber 38126
Наличности
Код за отписване Код за изгубен артикул Източник на класификационната схема Код за повреда Коз за рестрикции Код за отдаване Артикулен № Име на библиотеката - собственик Име на библиотеката, в която се намира в момента Статус (Текущо местоположение) Дата на вписване в системата Местоположение - отдел Цена в лева Инвентарен номер Систематично азбучна сигнатура Баркод Номер на екземпляра Цена в евро Служебна бележка Служебен тип на артикула
  Не е изгубен Universal Decimal Classification Не е повреден без рестрикции ползва се в читалня 59820 Регионална библиотека "Любен Каравелов" Русе Регионална библиотека "Любен Каравелов" Русе Хранилище 1986-01-01 Хранилище 2.00 474260 Цб 146975 120000474260 1 1.02 Дост: Dp Вид: Д N: стар фонд Дата: 01.01.1986 Книги
Изтеглен Не е изгубен Universal Decimal Classification Не е повреден без рестрикции заемане за дома 59821 Регионална библиотека "Любен Каравелов" Русе Регионална библиотека "Любен Каравелов" Русе Заемна - подръчен фонд 1986-01-01 Заемна - подръчен фонд 2.00 483778 П 339.3/А 51 483778 2 1.02 Дост: Pk Вид: Д N: стар фонд Дата: 01.01.1986 Дата инв: 05.02.2018 Бележки инв: П2018 Книги
Vip Innovations Ltd, Rousse, Bulgaria 2025